01219 a2200205 45000010006000000050017000060080041000230030015000640400040000790800104001192450098002232640029003213000019003505050460003699420007008295900036008361000020008729990015008929520106009075950720260407155849.0260407a1975 arg spa dAR-UNSa-BCEJYS aAR-UNSa-BCEJYSbspacAR-UNSa-BCEJYS a330.1xCiencia económica. Conceptos fundamentales de teoría económica. Valor. Capital. Fondos10aCrítica de la teoría del desarrollopestdiso y debates sobre la economía del desarrollo 1aBarcelona :bArielc1975 a517 p.c19 cm. a1. El circulo vicioso de la pobreza y la ampliación de la brecha – 2. Critica de la teoría del desarrollo – 3. La economía del resentimiento: colonialismo y subdesarrollo – 4. El marxismo y los países subdesarrollados – 5. Perspectivas asiáticas – 6. Una crítica de la UNCTAD – 7. La economía como forma de asistencia técnica – 8. El estudio de las economías subdesarrolladas – 9. El consenso espúreo y sus antecedentes cBK aniveau_biblio:m niveau_hierar:01 aBauer, Peter T. c6713d6713 00104070aBCEJYSbBCEJYSc16d2026-04-07l0o330.1 B344pL39357r2026-04-07 15:58:49w2026-04-07yL